[Event "Linares"]
[Site "Linares"]
[Date "1985.??.??"]
[Round "?"]
[White "Christiansen, Larry Mark"]
[Black "Huebner, Robert"]
[Result "0-1"]
[WhiteElo "2560"]
[BlackElo "2605"]

1.d4 Nf6 2.c4 e6 3.Nf3 b6 4.a3 Bb7 5.Nc3 d5 6.cxd5 exd5 7.Qa4+ c6 8.g3 Nbd7
9.Bg2 Bd6 10.Nh4 O-O 11.Nf5 Bc7 12.O-O Re8 13.Bg5 Nf8 14.Rad1 h6 15.Bc1 Ng6
16.Rfe1 Bc8 17.Qc2 Be6 18.Ne3 Qd7 19.b4 b5 20.a4 a6 21.Bd2 Bb6 22.Qd3 Ne7
23.a5 Ba7 24.Na2 Nf5 25.Nxf5 Bxf5 26.Qc3 Ne4 27.Qb2 Nd6 28.Nc1 Re7 29.Nb3 Rae8
30.Bf3 Be4 31.Qc3 Nc4 32.Bc1 Bxf3 33.Qxf3 Qd6 34.Bd2 Nxd2 35.Rxd2 Qxb4 36.Rc1 Re6
37.Qd3 Qe7 38.Rdc2 Qd7 39.e3 Rf6 40.Qd1 Qf5 41.Qf1 Ree6 42.Nd2 h5 43.Qg2 g5
44.h3 g4 45.hxg4 Qd3 46.Kh1 Bxd4 47.exd4 Re2 48.Rxc6 Rfxf2 49.R6c3  0-1

[Event "Linares"]
[Site "Linares"]
[Date "1985.??.??"]
[Round "?"]
[White "Polugaevsky, Lev"]
[Black "Vaganian, Rafael A"]
[Result "1/2-1/2"]
[WhiteElo "2625"]
[BlackElo "2640"]

1.d4 Nf6 2.c4 g6 3.Nc3 d5 4.cxd5 Nxd5 5.e4 Nxc3 6.bxc3 Bg7 7.Bc4 c5 8.Ne2 Nc6
9.Be3 O-O 10.O-O Qc7 11.Rc1 Rd8 12.Qd2 Qa5 13.Rfd1 Bd7 14.Bh6 cxd4 15.Bxg7 Kxg7
16.Qf4 Be8 17.cxd4 e5 18.dxe5 Rxd1+ 19.Rxd1 Qxe5 20.Qxe5+  1/2-1/2

[Event "Linares"]
[Site "Linares"]
[Date "1985.??.??"]
[Round "?"]
[White "Vaganian, Rafael A"]
[Black "Ljubojevic, Ljubomir"]
[Result "1/2-1/2"]
[WhiteElo "2640"]
[BlackElo "2595"]

1.Nf3 Nf6 2.g3 d5 3.Bg2 c6 4.c4 g6 5.b3 Bg7 6.Bb2 Qb6 7.Qc1 O-O 8.O-O Bg4
9.e3 Nbd7 10.Ne5 Nxe5 11.Bxe5 Be2 12.Re1 Bd3 13.cxd5 cxd5 14.Qb2 Rfc8 15.Nc3 e6
16.Rac1 Ne8 17.Bxg7 Nxg7 18.h4 Qd6 19.Na4 Nf5 20.Rxc8+ Rxc8 21.Rc1 Rc6 22.Rxc6 Qxc6  1/2-1/2

[Event "Linares"]
[Site "Linares"]
[Date "1985.??.??"]
[Round "?"]
[White "Vaganian, Rafael A"]
[Black "Christiansen, Larry Mark"]
[Result "1-0"]
[WhiteElo "2640"]
[BlackElo "2560"]

1.Nf3 Nf6 2.g3 d5 3.Bg2 g6 4.c4 c6 5.Qa4 Nbd7 6.cxd5 cxd5 7.d4 Bg7 8.O-O O-O
9.Na3 Nb6 10.Qa5 Bf5 11.Bf4 Nc4 12.Nxc4 dxc4 13.Qb5 Qd5 14.a4 Be4 15.Be5 Rac8
16.Rfc1 Bh6 17.Bf4 Bxf4 18.gxf4 Qd6 19.Qe5 Qb4 20.Qb5 Qd6 21.Qe5 Qb4 22.e3 a6
23.Ne1 Bxg2 24.Kxg2 Ng4 25.Qe4 b5 26.axb5 axb5 27.Nc2 Qd2 28.Qf3 Nf6 29.Qd1 c3
30.bxc3 Qxd1 31.Rxd1 Rxc3 32.Nb4 e6 33.Kf3 Rfc8 34.Rdb1 Ne8 35.Ra6 Ng7 36.Rb6 Nf5
37.Ke2 R3c4 38.Kd2 Ra8 39.Nd3 Rd8 40.R6xb5 Nd6 41.Rb8 Ne4+ 42.Ke1 Rcc8 43.Rxc8 Rxc8
44.Rb2 Ra8 45.Ke2 Ra1 46.Rb8+ Kg7 47.Rb7 Ra2+ 48.Kf3 Nd2+ 49.Kg2 Nc4 50.Kg3 Nd6
51.Rb2 Ra7 52.Kf3 h6 53.Ne5 Nf5 54.Rb6 Nh4+ 55.Ke4 g5 56.fxg5 hxg5 57.Rb2 Nf5
58.Kf3 Ne7 59.Kg4 f6 60.Nd3 Nd5 61.Nc5 Kf7 62.Rb8 Re7 63.Rd8 Kg6 64.Kf3 Nc7
65.Rd6 f5 66.Ke2 Kf6 67.Kd3 g4 68.Kc4 Rh7 69.Rc6 Kg5 70.Kd3 Kf6 71.Kc4 Kg5
72.Nd3 Kf6 73.Nf4 Rd7 74.Kc5 Ke7 75.Rb6 Kf7 76.Rd6  1-0

[Event "Linares"]
[Site "Linares"]
[Date "1985.??.??"]
[Round "?"]
[White "Timman, Jan H"]
[Black "Vaganian, Rafael A"]
[Result "1-0"]
[WhiteElo "2650"]
[BlackElo "2640"]

1.e4 e6 2.d4 d5 3.Nc3 Bb4 4.e5 c5 5.Bd2 Ne7 6.Nb5 Bxd2+ 7.Qxd2 O-O 8.c3 Nbc6
9.f4 a6 10.Nd6 cxd4 11.cxd4 Nf5 12.Nxf5 exf5 13.Nf3 Be6 14.Be2 Rc8 15.Rc1 Qb6
16.Kf2 f6 17.exf6 gxf6 18.Rc3 Bf7 19.Rhc1 Rce8 20.Rc5 Re4 21.Bd3 Rfe8 22.Kg1 Re3
23.Ne5 fxe5 24.Qxe3 e4 25.Bc2 Qxb2 26.Ba4 Qxa2 27.Bxc6 bxc6 28.Rxc6 Qa4 29.h3 Re6
30.Rxe6 Bxe6 31.Rc7 Bd7 32.Kh2  1-0

[Event "Linares"]
[Site "Linares"]
[Date "1985.??.??"]
[Round "?"]
[White "Timman, Jan H"]
[Black "Spassky, Boris V"]
[Result "1/2-1/2"]
[WhiteElo "2650"]
[BlackElo "2580"]

1.d4 Nf6 2.c4 e6 3.Nf3 d5 4.Nc3 Be7 5.Bg5 h6 6.Bh4 O-O 7.e3 b6 8.Rc1 Bb7
9.cxd5 Nxd5 10.Nxd5 Bxd5 11.Bxe7 Qxe7 12.Be2 c5 13.dxc5 bxc5 14.Bc4 Rd8 15.Qe2 Nd7
16.O-O Rab8 17.Rc2  1/2-1/2

[Event "Linares"]
[Site "Linares"]
[Date "1985.??.??"]
[Round "?"]
[White "Timman, Jan H"]
[Black "Polugaevsky, Lev"]
[Result "1/2-1/2"]
[WhiteElo "2650"]
[BlackElo "2625"]

1.d4 Nf6 2.c4 e6 3.Nc3 Bb4 4.Bg5 c5 5.d5 h6 6.Bh4 Bxc3+ 7.bxc3 d6 8.e3 e5
9.f3 Qe7 10.Bd3 g5 11.Bg3 Rg8 12.Ne2 Nbd7 13.Qc2 h5 14.h4 g4 15.Rb1 Kd8 16.a4 Kc7
17.a5 gxf3 18.gxf3 Nf8 19.Kd2 Ng6 20.Rb3 Rb8 21.Rhb1 e4 22.Bxe4 Ne5 23.Bxe5 Qxe5
24.Nf4 Rg3 25.R1b2 Rg1 26.Rb1 Rg3 27.R1b2 Rg1 28.Rb1  1/2-1/2

[Event "Linares"]
[Site "Linares"]
[Date "1985.??.??"]
[Round "?"]
[White "Timman, Jan H"]
[Black "Miles, Anthony J"]
[Result "1-0"]
[WhiteElo "2650"]
[BlackElo "2570"]

1.d4 Nf6 2.c4 e6 3.Nf3 b6 4.Nc3 Bb7 5.a3 d5 6.cxd5 Nxd5 7.e3 Nxc3 8.bxc3 g6
9.h4 Bg7 10.Bb5+ Nd7 11.h5 O-O 12.hxg6 hxg6 13.e4 Bxe4 14.Ng5 Bxg2 15.Rh2 Bd5
16.Nh7 Nf6 17.Nxf8 Qxf8 18.Bf4 Nh5 19.Rxh5 gxh5 20.Bd3 f5 21.Qxh5 Qf7 22.Qh2 Bf3
23.Kd2 Qh5 24.Qxh5 Bxh5 25.Bxc7 Rc8 26.Bf4 Bf3 27.a4 Bc6 28.a5 b5 29.Rg1 Kf7
30.Be2 Bf8 31.a6 b4 32.c4 Ke8 33.Be5 Kd7 34.c5 Bh6+ 35.f4 Bd5 36.Bb5+ Ke7
37.Rg3 Kf7 38.Bd7 Ra8 39.c6 Bc4 40.c7 Bxa6 41.d5  1-0

[Event "Linares"]
[Site "Linares"]
[Date "1985.??.??"]
[Round "?"]
[White "Timman, Jan H"]
[Black "Ljubojevic, Ljubomir"]
[Result "1-0"]
[WhiteElo "2650"]
[BlackElo "2595"]

1.e4 c5 2.Nf3 d6 3.d4 cxd4 4.Nxd4 Nf6 5.Nc3 a6 6.Bg5 e6 7.f4 Qb6 8.Qd2 Qxb2
9.Rb1 Qa3 10.Be2 Be7 11.O-O Nbd7 12.e5 dxe5 13.fxe5 Nxe5 14.Bxf6 Bxf6 15.Rxf6 gxf6
16.Ne4 Nd7 17.Rb3 Qxa2 18.Nd6+ Kf8 19.Qc3 Kg7 20.N4f5+ exf5 21.Nxf5+ Kg6
22.Qh3  1-0

[Event "Linares"]
[Site "Linares"]
[Date "1985.??.??"]
[Round "?"]
[White "Timman, Jan H"]
[Black "Huebner, Robert"]
[Result "1/2-1/2"]
[WhiteElo "2650"]
[BlackElo "2605"]

1.e4 e6 2.d4 d5 3.Nc3 Bb4 4.e5 Ne7 5.Bd2 b6 6.Qg4 O-O 7.Nf3 Ba6 8.Bxa6 Nxa6
9.Rd1 Bxc3 10.bxc3 Qd7 11.h4 Qa4 12.Rc1 Nf5 13.h5 Nc5 14.Nh4 Ne4 15.Nxf5 exf5
16.Qxf5 Qc6 17.h6 g6 18.Qf4 f6 19.f3 Nxc3 20.Qe3 Nb5 21.O-O Qc4 22.c3 Rae8
23.f4 f5 24.Qf3 c6 25.Ra1 Qa4 26.a3 Nc7 27.Rfb1 Ne6 28.Qd3 Rd8 29.Rb4 Qa5
30.Be3 Rf7  1/2-1/2

[Event "Linares"]
[Site "Linares"]
[Date "1985.??.??"]
[Round "?"]
[White "Spassky, Boris V"]
[Black "Ljubojevic, Ljubomir"]
[Result "1/2-1/2"]
[WhiteElo "2580"]
[BlackElo "2595"]

1.e4 e5 2.Nc3 Nf6 3.Nf3 Nc6 4.Bb5 Bb4 5.O-O O-O 6.Bxc6 dxc6 7.Nxe5 Re8 8.Nd3 Bxc3
9.dxc3 Nxe4 10.Qf3 Qf6 11.Qxf6 Nxf6 12.Bf4 Bf5 13.Rfe1 Rxe1+ 14.Rxe1 Re8
15.Kf1 Rxe1+ 16.Kxe1 Ne8 17.Kd2 Kf8 18.c4 Ke7 19.f3 h5 20.a4 f6 21.a5  1/2-1/2

[Event "Linares"]
[Site "Linares"]
[Date "1985.??.??"]
[Round "?"]
[White "Spassky, Boris V"]
[Black "Christiansen, Larry Mark"]
[Result "1/2-1/2"]
[WhiteElo "2580"]
[BlackElo "2560"]

1.e4 c5 2.Nc3 d6 3.g3 Nc6 4.Bg2 g6 5.d3 Bg7 6.Nge2 e5 7.Nd5 Nge7 8.Bg5 h6
9.Bf6 O-O 10.Nec3 Bxf6 11.Nxf6+ Kg7 12.Nfd5 Nxd5 13.Nxd5 Ne7 14.Ne3 f5 15.exf5 Nxf5
16.O-O Nxe3 17.fxe3 Rxf1+ 18.Qxf1 Be6  1/2-1/2

[Event "Linares"]
[Site "Linares"]
[Date "1985.??.??"]
[Round "?"]
[White "Rivas Pastor, Manuel"]
[Black "Portisch, Lajos"]
[Result "1/2-1/2"]
[WhiteElo "2480"]
[BlackElo "2635"]

1.c4 c5 2.Nc3 Nf6 3.Nf3 e6 4.g3 b6 5.e4 Bb7 6.Qe2 Nc6 7.Bg2 d6 8.O-O g6 9.Rd1 e5
10.d3 Bg7 11.Bd2 O-O 12.Bh3 Qc7 13.Rab1 a6 14.a3 Rae8 15.Qf1 Nd4 16.Nxd4 exd4
17.Nd5 Nxd5 18.exd5 b5 19.b4 bxc4  1/2-1/2

[Event "Linares"]
[Site "Linares"]
[Date "1985.??.??"]
[Round "?"]
[White "Adorjan, Andras"]
[Black "Polugaevsky, Lev"]
[Result "1/2-1/2"]
[WhiteElo "2565"]
[BlackElo "2625"]

1.c4 c5 2.g3 g6 3.Bg2 Bg7 4.Nc3 Nc6 5.e3 e6 6.Nge2 Nge7 7.d4 cxd4 8.Nxd4 O-O
9.O-O d5 10.cxd5 Nxd5 11.Nxd5  1/2-1/2

[Event "Linares"]
[Site "Linares"]
[Date "1985.??.??"]
[Round "?"]
[White "Rivas Pastor, Manuel"]
[Black "Adorjan, Andras"]
[Result "1-0"]
[WhiteElo "2480"]
[BlackElo "2565"]

1.d4 Nf6 2.c4 e6 3.Nf3 b6 4.Nc3 Bb7 5.g3 Bb4 6.Bd2 Nc6 7.a3 Bxc3 8.Bxc3 d5
9.Bg2 dxc4 10.Ne5 Nd5 11.Nxc4 O-O 12.O-O Nxc3 13.bxc3 Na5 14.Bxb7 Nxb7 15.e4 Nd6
16.Qd3 Nxc4 17.Qxc4 c5 18.d5 exd5 19.exd5 Qf6 20.a4 Rad8 21.Rfe1 Qf3 22.Rad1 Rfe8
23.Qb5 Re4 24.d6 h5 25.Qf1 h4 26.Rxe4 Qxe4 27.d7 Qxa4 28.Qe2 h3 29.f3 Kf8
30.Qd3 Qa2 31.Rd2 Qe6 32.Kf2 Kg8 33.Qa6 Qh6 34.Rd1 Qc6 35.Qxa7 b5 36.g4 b4
37.cxb4 cxb4 38.Kg3 Qc2 39.Qb6 Qg2+ 40.Kh4 Kh7 41.Qxd8 Qf2+ 42.Kh5 Qc5+ 43.g5 g6+
44.Kg4 Qf5+ 45.Kg3 Qe5+ 46.Kxh3 Qf5+ 47.Kg3 Qe5+ 48.Kf2 Qxh2+ 49.Kf1 Qh3+
50.Ke2 Qe6+ 51.Kf2  1-0

[Event "Linares"]
[Site "Linares"]
[Date "1985.??.??"]
[Round "?"]
[White "Huebner, Robert"]
[Black "Polugaevsky, Lev"]
[Result "0-1"]
[WhiteElo "2605"]
[BlackElo "2625"]

1.d4 Nf6 2.c4 e6 3.g3 Bb4+ 4.Bd2 Be7 5.Bg2 d5 6.Nf3 O-O 7.O-O c6 8.Qc2 b6
9.Ne5 Bb7 10.Bc3 Na6 11.cxd5 Nxd5 12.Rd1 Qc7 13.e4 Nxc3 14.Nxc3 Rad8 15.Nc4 b5
16.Ne3 Qb6 17.Ne2 c5 18.d5 Nb4 19.Qd2 c4 20.b3 exd5 21.exd5 cxb3 22.axb3 a5
23.Nf4 Rfe8 24.Nf5 Bf8 25.Re1 Rxe1+ 26.Rxe1 Qf6 27.Ne3 a4 28.bxa4 bxa4 29.Nc4 Ba6
30.Bf1 Bxc4 31.Bxc4 a3 32.Rb1 Qd6 33.Qd4 a2 34.Ra1 Nc2 35.Qb2 Nxa1 36.Qxa1 Qa3
37.Qd1  0-1

[Event "Linares"]
[Site "Linares"]
[Date "1985.??.??"]
[Round "?"]
[White "Huebner, Robert"]
[Black "Spassky, Boris V"]
[Result "1/2-1/2"]
[WhiteElo "2605"]
[BlackElo "2580"]

1.e4 e5 2.Nf3 Nc6 3.d4 exd4 4.Nxd4 Bc5 5.Nb3 Bb4+ 6.c3 Be7 7.f4 d6 8.Bd3 Bh4+
9.g3 Bf6 10.Be3 h5 11.h3 g5 12.Qd2 gxf4 13.gxf4 Nge7 14.Na3 Bh4+ 15.Bf2 Ng6
16.Kd1  1/2-1/2

[Event "Linares"]
[Site "Linares"]
[Date "1985.??.??"]
[Round "?"]
[White "Kortschnoj, Viktor"]
[Black "Adorjan, Andras"]
[Result "1-0"]
[WhiteElo "2630"]
[BlackElo "2565"]

1.d4 Nf6 2.c4 e6 3.Nf3 b6 4.Nc3 Bb7 5.g3 Bb4 6.Bd2 Nc6 7.a3 Bxc3 8.Bxc3 d5
9.Bg2 dxc4 10.Ne5 Nd5 11.Nxc4 O-O 12.O-O a5 13.Rc1 Qd7 14.Be1 Rfd8 15.Ne3 Nde7
16.Bc3 Rab8 17.Qc2 Na7 18.Rfd1 Qe8 19.Bxb7 Rxb7 20.Qe4 Nd5 21.Be1 Nb5 22.Nc4 c6
23.Ne5 Rc7 24.Qd3 Nd6 25.e4 Ne7 26.f3 Nec8 27.Bf2 f6 28.Nc4 Nb5 29.Qb3 Rcd7
30.d5 a4 31.Qxa4 exd5 32.Nxb6 Nxb6 33.Bxb6 Ra8 34.Qc2 dxe4 35.Qc4+ Kh8 36.Rxd7 Qxd7
37.Qxc6 Qxc6 38.Rxc6 h5 39.fxe4 Ra6 40.Rc8+ Kh7 41.Bc5 Nd6 42.Bxd6 Rxd6 43.Rc1 g5
44.b4 Rd3 45.Rb1 Rxa3 46.b5 Ra7 47.b6 Rb7 48.Kf2 Kg6 49.Ke3  1-0

[Event "Linares"]
[Site "Linares"]
[Date "1985.??.??"]
[Round "?"]
[White "Kortschnoj, Viktor"]
[Black "Spassky, Boris V"]
[Result "1/2-1/2"]
[WhiteElo "2630"]
[BlackElo "2580"]

1.Nf3 Nf6 2.g3 d5 3.Bg2 c6 4.O-O Bg4 5.c4 e6 6.d3 Be7 7.Be3 Nbd7 8.Qb3 Qc8
9.Nc3 O-O 10.Rac1 dxc4 11.dxc4 Qc7 12.h3 Bxf3 13.Bxf3 Bc5 14.Bxc5 Nxc5 15.Qa3 Ncd7
16.Bg2 Rfd8 17.Rfd1 Ne5 18.b3 a5 19.Qc5 Ned7 20.Qe7 Re8 21.Qa3 Qe5 22.e4 Qc5
23.Qb2 Nb6 24.a3 e5 25.Bf1 Qe7 26.h4 Red8 27.b4 axb4 28.Qxb4 Qxb4 29.axb4 Rd4
30.Ra1 Rxa1 31.Rxa1 g6 32.Ra7 Nxc4 33.Rxb7 Nd2 34.b5 cxb5 35.Rxb5 Nfxe4 36.Nxe4 Rxe4
37.Kg2 Re1 38.Bd3 e4 39.Rb2 Nf3 40.Bxe4 Nxh4+ 41.gxh4 Rxe4 42.Kg3  1/2-1/2

[Event "Linares"]
[Site "Linares"]
[Date "1985.??.??"]
[Round "?"]
[White "Kortschnoj, Viktor"]
[Black "Timman, Jan H"]
[Result "1-0"]
[WhiteElo "2630"]
[BlackElo "2650"]

1.Nf3 d5 2.c4 d4 3.b4 g6 4.g3 Bg7 5.d3 b6 6.Bg2 Bb7 7.O-O e5 8.Nbd2 Ne7 9.Nb3 O-O
10.a4 Nd7 11.a5 Rb8 12.axb6 axb6 13.Ra7 Ba8 14.Bg5 f6 15.Bd2 h6 16.Qc2 f5
17.Rfa1 c6 18.b5 Qc8 19.Qc1 Kh7 20.Qa3 Re8 21.Qd6 Bb7 22.Nh4 c5 23.Bc6 Nf6
24.Bxe8 Qxe8 25.Qxb6 Nc8 26.Qc7 Nxa7 27.Rxa7  1-0

[Event "Linares"]
[Site "Linares"]
[Date "1985.??.??"]
[Round "?"]
[White "Ljubojevic, Ljubomir"]
[Black "Christiansen, Larry Mark"]
[Result "1-0"]
[WhiteElo "2595"]
[BlackElo "2560"]

1.e4 e5 2.Nf3 Nf6 3.Nxe5 d6 4.Nf3 Nxe4 5.d4 d5 6.Bd3 Nc6 7.O-O Be7 8.c4 Nb4
9.Be2 Be6 10.Nc3 O-O 11.Be3 Bf6 12.Rc1 c5 13.a3 cxd4 14.Nxd4 Bxd4 15.Bxd4 Nxc3
16.Rxc3 Nc6 17.cxd5 Nxd4 18.dxe6 fxe6 19.Bd3 Rf7 20.Qd2 Qf6 21.Rfc1 Raf8
22.f3 g5 23.Qe3 b6 24.b4 h5 25.Rc4 e5 26.Rc7 b5 27.Rxf7 Rxf7 28.Rc5 Rd7 29.Rxe5 Nxf3+
30.gxf3 Rxd3 31.Rxg5+ Kf7 32.Qxa7+ Ke6 33.Qb6+ Rd6 34.Qxb5 Rd1+ 35.Kf2  1-0

[Event "Linares"]
[Site "Linares"]
[Date "1985.??.??"]
[Round "?"]
[White "Ljubojevic, Ljubomir"]
[Black "Huebner, Robert"]
[Result "1/2-1/2"]
[WhiteElo "2595"]
[BlackElo "2605"]

1.e4 c5 2.Nf3 d6 3.d4 cxd4 4.Nxd4 Nf6 5.Nc3 a6 6.Bg5 e6 7.f4 Qb6 8.Nb3 Nbd7
9.Be2 Be7 10.Qd2 h6 11.Bxf6 Nxf6 12.O-O-O Qc7 13.Bf3 Bd7 14.Kb1 O-O-O 15.Rhe1 Kb8
16.Re3 Be8 17.Rd3 Rc8 18.g3 g5 19.a3 Nd7 20.Rd4 Nc5 21.Qe2 Bc6 22.Rb4 gxf4
23.gxf4 Nxb3 24.Rxb3 Qa5 25.Rd4 Rc7 26.Qg2 Rhc8 27.Rc4 Bf8 28.Qe2  1/2-1/2

[Event "Linares"]
[Site "Linares"]
[Date "1985.??.??"]
[Round "?"]
[White "Ljubojevic, Ljubomir"]
[Black "Kortschnoj, Viktor"]
[Result "1-0"]
[WhiteElo "2595"]
[BlackElo "2630"]

1.e4 e6 2.d4 d5 3.Nc3 Bb4 4.e5 c5 5.a3 Bxc3+ 6.bxc3 Ne7 7.Qg4 O-O 8.Nf3 Nbc6
9.Bd3 f5 10.exf6 Rxf6 11.Bg5 Rf7 12.Qh5 g6 13.Qh4 c4 14.Be2 Qa5 15.Bd2 Nf5
16.Qg5 Bd7 17.g4 Nd6 18.h4 Ne4 19.Qe3 Raf8 20.h5 gxh5 21.Rxh5 Rg7 22.Ng5 Be8
23.Nxe6 Bxh5 24.Nxg7 Bg6 25.Nf5 Qc7 26.O-O-O Qa5 27.Kb2 Rf6 28.Bf3 Ne5 29.Bxe4 dxe4
30.dxe5 Rb6+ 31.Ka2 Qb5 32.Qxb6 axb6 33.Bf4 Qa4 34.Rd8+ Kf7 35.Nd4 e3 36.e6+ Kf6
37.fxe3 Bxc2 38.Rf8+ Ke7 39.Rf7+ Kd8 40.Bd6 Bb1+ 41.Kb2  1-0

[Event "Linares"]
[Site "Linares"]
[Date "1985.??.??"]
[Round "?"]
[White "Miles, Anthony J"]
[Black "Huebner, Robert"]
[Result "1/2-1/2"]
[WhiteElo "2570"]
[BlackElo "2605"]

1.c4 e5 2.Nc3 Nf6 3.Nf3 Nc6 4.g3 d5 5.cxd5 Nxd5 6.Bg2 Nb6 7.O-O Be7 8.a3 O-O
9.b4 Be6 10.d3 Nd4 11.Rb1 f6 12.Nd2 Nd5 13.Bb2 c6 14.Nxd5 Bxd5 15.Bh3 Be6
16.Bxe6+  1/2-1/2

[Event "Linares"]
[Site "Linares"]
[Date "1985.??.??"]
[Round "?"]
[White "Miles, Anthony J"]
[Black "Polugaevsky, Lev"]
[Result "1/2-1/2"]
[WhiteElo "2570"]
[BlackElo "2625"]

1.c4 e6 2.Nc3 c5 3.Nf3 Nf6 4.g3 b6 5.Bg2 Bb7 6.O-O a6 7.b3 Be7 8.Bb2 O-O
9.d4 cxd4 10.Nxd4 Bxg2 11.Kxg2 Qc7 12.e3 Nc6 13.Nxc6 Qxc6+ 14.Qf3 Rfd8 15.Qxc6 dxc6
16.Rfd1 Kf8  1/2-1/2

[Event "Linares"]
[Site "Linares"]
[Date "1985.??.??"]
[Round "?"]
[White "Miles, Anthony J"]
[Black "Rivas Pastor, Manuel"]
[Result "1-0"]
[WhiteElo "2570"]
[BlackElo "2480"]

1.c4 Nf6 2.d4 c6 3.Nf3 d5 4.Qc2 g6 5.Bf4 Bf5 6.Qb3 Qb6 7.c5 Qxb3 8.axb3 Bxb1
9.Rxb1 Bg7 10.Ra1 Nbd7 11.h3 O-O 12.e3 Ne4 13.b4 Rfe8 14.Bd3 e5 15.dxe5 Nxe5
16.Bxe4 dxe4 17.Nxe5 Bxe5 18.Bxe5 Rxe5 19.Ke2 a6 20.Rhd1 Rae8 21.Rd4 h5 22.h4 R8e7
23.Rc1 Kg7 24.Kd1 Kf6 25.Kc2 a5 26.Kb3 axb4 27.Kxb4 b6 28.Rd6+ R7e6 29.Rxe6+ Kxe6
30.Rc2 Kd7 31.cxb6 Rb5+ 32.Kc4 Rxb6 33.Rd2+ Kc7 34.Kd4 f5 35.Ke5 c5 36.g3 Rc6
37.Rd5 Kb6 38.Rd7 Ka5 39.Rb7 Ka6 40.Rb8 c4 41.Kd5 Rc7 42.Rg8 Kb5 43.Rxg6 Ra7
44.Rf6 Rd7+ 45.Rd6 Ra7 46.Rd8 Rb7 47.Rc8 Rd7+ 48.Ke6 Rd2 49.Kxf5 Rxf2+ 50.Kxe4 Rd2
51.Kf3 Kb4 52.Rb8+ Ka4 53.g4 hxg4+ 54.Kxg4 Rg2+ 55.Kf5 Rf2+ 56.Ke5 Rh2 57.Kd5 Rxh4
58.e4  1-0

[Event "Linares"]
[Site "Linares"]
[Date "1985.??.??"]
[Round "?"]
[White "Miles, Anthony J"]
[Black "Spassky, Boris V"]
[Result "1/2-1/2"]
[WhiteElo "2570"]
[BlackElo "2580"]

1.d4 Nf6 2.c4 g6 3.Nc3 Bg7 4.e4 d6 5.f3 Nc6 6.Be3 a6 7.Qd2 Bd7 8.O-O-O b5
9.c5 dxc5 10.d5 Nd4 11.e5 b4 12.exf6 bxc3 13.bxc3 Bxf6 14.cxd4 Ba4 15.dxc5 Bxd1
16.Kxd1 O-O 17.Bc4 Rb8 18.Bb3 a5 19.Ne2 a4 20.Bxa4 Rb2 21.Qd3 Rxa2 22.Bb3 Ra1+
23.Nc1 Qa8 24.Ke2 Rb8 25.Rd1 Qa3 26.Bc4 Qa4 27.Bb3 Qa3 28.d6 cxd6 29.cxd6 Qxd6
30.Qxd6 exd6 31.Rd3 Bb2 32.Kd1 Rc8 33.Bc2 Ba3 34.Rb3 d5 35.Bb1 d4 36.Bf4 Rc6
37.Nd3 Bd6 38.Bxd6 Rxd6 39.Rb7 Re6 40.Kd2 Kf8 41.Nf4 Re7 42.Rb4 Rea7 43.Ne2 R1a4
44.Rb8+ Kg7 45.Bc2 Ra1 46.Nc1 Rd7 47.Rb4 h5 48.f4 Raa7 49.Nd3 Rab7 50.Rc4 Rbc7
51.Nc5 Re7 52.Kd3 Kh6 53.Kxd4 Re1 54.Be4 Rc8 55.Rc2 Rd8+ 56.Kc4 Red1 57.Bd3 f5
58.g3 Rd6 59.Rc3 h4 60.Ra3 Rh1 61.Ra2  1/2-1/2

[Event "Linares"]
[Site "Linares"]
[Date "1985.??.??"]
[Round "?"]
[White "Miles, Anthony J"]
[Black "Vaganian, Rafael A"]
[Result "1-0"]
[WhiteElo "2570"]
[BlackElo "2640"]

1.c4 Nf6 2.Nc3 c5 3.Nf3 g6 4.e4 Bg7 5.d4 Qa5 6.Bd2 cxd4 7.Nxd4 Nc6 8.Nd5 Qd8
9.Nb5 O-O 10.Bd3 d6 11.O-O Nd7 12.Bc3 a6 13.Bxg7 Kxg7 14.Nbc3 b6 15.Qd2 Bb7
16.f4 e6 17.Ne3 Nc5 18.Rad1 Qh4 19.Bb1 Rad8 20.Rf3 Kg8 21.Rh3 Qf6 22.Ng4 Qg7
23.f5 Nd7 24.Qf2 h5 25.f6 Qh8 26.Rf1 Rfe8 27.Qe3 Kf8 28.Bd3 Rb8 29.Be2 Red8
30.Qg5 Ke8 31.Bd1 Qf8 32.Ne3 Nde5 33.Ba4 Rd7 34.Rd1 Kd8 35.b4 Rc8 36.b5 axb5
37.Bxb5 Ra8 38.Na4 Kc7 39.Nd5+ exd5 40.cxd5 Ra5 41.Rb3 Rxa4 42.Bxa4 Na5 43.Rc1+ Kb8
44.Rxb6 Rc7 45.Rcb1 Rc5 46.Qf4 Kc7 47.R6b5 Rxb5 48.Bxb5 Qd8 49.Qe3 Kb8 50.h3 Qc7
51.Rc1 Qd8 52.Kh1 Bc8 53.Bc6 Nb7 54.Bxb7 Bxb7 55.Qc3 Qb6 56.a4 Ba6 57.a5 Qb7
58.Qa3 Nc4 59.Qa4 Qc8 60.e5 dxe5 61.d6 Qe6 62.Rb1+ Ka7 63.d7 Qxf6 64.Qb4  1-0

[Event "Linares"]
[Site "Linares"]
[Date "1985.??.??"]
[Round "?"]
[White "Polugaevsky, Lev"]
[Black "Christiansen, Larry Mark"]
[Result "1-0"]
[WhiteElo "2625"]
[BlackElo "2560"]

1.d4 Nf6 2.c4 e6 3.Nf3 b6 4.Nc3 Bb4 5.e3 Bb7 6.Bd3 O-O 7.O-O d5 8.a3 Bd6
9.cxd5 exd5 10.b4 a6 11.Qb3 Qe7 12.b5 Rd8 13.a4 Ne4 14.Bb2 a5 15.Rfc1 Nd7
16.Nxd5 Qe6 17.Bc4 Qh6 18.Ba3 Kh8 19.Bxd6 Nxd6 20.Nxc7 Bxf3 21.gxf3 Qg6+
22.Kh1 Rac8 23.Bd3 Qh6 24.Qd1 Qh4 25.Qg1 Nf6 26.Qg3 Qh5 27.Rc6 Nf5 28.Bxf5 Qxf5
29.Rg1 g6 30.e4 Nxe4 31.fxe4 Qxe4+ 32.f3 Qxd4 33.Re1 Kg8 34.Qe5 Qf2 35.Qe2 Rd2
36.Qxf2 Rxf2 37.Rc3 Ra2 38.Rc4 Ra3 39.Kg2  1-0

[Event "Linares"]
[Site "Linares"]
[Date "1985.??.??"]
[Round "?"]
[White "Polugaevsky, Lev"]
[Black "Ljubojevic, Ljubomir"]
[Result "0-1"]
[WhiteElo "2625"]
[BlackElo "2595"]

1.d4 Nf6 2.c4 e6 3.Nf3 b6 4.Nc3 Bb4 5.Qb3 a5 6.g3 Nc6 7.Bg2 a4 8.Qc2 Ba6
9.a3 Bxc3+ 10.Qxc3 Na5 11.Ne5 d5 12.cxd5 Nxd5 13.Qc2 Nb3 14.Qc6+ Kf8 15.Bg5 Qe8
16.Nd7+ Kg8 17.e4 Nxd4 18.Qxa4 c5 19.exd5 Bb5 20.Qd1 Qxd7 21.Be3 Be2 22.dxe6 Qxe6
23.Qxe2 Nxe2 24.Bxa8 Qc4 25.Rd1 Nd4 26.Bxd4 cxd4 27.Be4 g6 28.Bd3 Qa2 29.Rb1 Qb3
30.Kd2 Kg7 31.Rhc1 Re8 32.Rc7 Re6 33.Rd7 Qa4 34.Rd5 Rf6 35.f4 Re6 36.Rc1 Re3
37.Rc4 Rxd3+ 38.Kxd3 Qd1+ 39.Ke4 f5+ 40.Ke5 Qe2+ 41.Kxd4 Qe4+ 42.Kc3 Qxd5  0-1